Cultura musical ii /
Guardado en:
| Autor Principal: | |
|---|---|
| Formato: | Libro |
| Publicado: |
Buenos Aires :
Cesarini,
1965
|
| Edición: | 33 ed. |
| Materias: | |
| Etiquetas: |
Agregar Etiqueta
Sin Etiquetas, Sea el primero en etiquetar este registro!
|
| LEADER | 00769nam a22002175a 4500 | ||
|---|---|---|---|
| 001 | CEM.cems009022 | ||
| 005 | 20090916103615.0 | ||
| 008 | 130507s1965##################000#0#####d | ||
| 003 | CEMS | ||
| 082 | 0 | 4 | |a 780.7 |
| 100 | 1 | |a Benvenuto, E. L. | |
| 245 | 1 | 0 | |a Cultura musical ii / |c E. L. Benvenuto |
| 250 | |a 33 ed. | ||
| 260 | |a Buenos Aires : |b Cesarini, |c 1965 | ||
| 300 | |a 251 p. | ||
| 505 | 0 | |a Organización didáctica de la obra -- Apreciación musical -- Folklore nacional -- Historia universal de la música -- Música argentina -- Repertorio de canciones -- Solfeo -- Teoría | |
| 653 | |a Música | ||
| 653 | |a Música-historia | ||
| 653 | |a Música argentina | ||
| 653 | |a Música-2do. año | ||
| 859 | |a CEMS |b BIB. CEMS - 11 de abril |h 780.7 |i B447-1a33 |p 6203.76 |t Ej.1 |v II |3 II | ||
